Name a Valid Element A-Z - Statistics

General Stats
  • This quiz has been taken 126 times
    113 since last reset
  • The average score is 19 of 23
Answer Stats
Letter Name an element... Element % Correct
H with a single digit atomic number Hydrogen | Helium
98%
B that ends with a consonant Barium | Berkelium | Beryllium | Bismuth | Bohrium | Boron
96%
A with four or less syllables Actinium | Aluminum | Antimony | Argon | Arsenic | Astatine
95%
S with an atomic number before 40 Scandium | Selenium | Silicon | Sodium | Strontium | Sulfur
94%
X that is a noble gas Xenon
94%
Z that is a metal Zinc | Zirconium
94%
T discovered before 1900 Thulium | Thallium | Terbium | Titanium | Thorium | Tantalum | Tungsten | Tellurium | Tin
92%
U that is extremely dense Uranium
92%
L mentioned in "The Elements" by Tom Lehrer Lanthanum | Lead | Lithium | Lutetium
90%
C with three or less known valence electrons Cadmium | Calcium | Cesium | Copper
87%
G ending in -ium Gadolinium | Gallium | Germanium
87%
I with two letters in its chemical symbol Indium | Iridium | Iron
85%
F that can be radioactive Francium | Fermium | Flerovium | Fluorine
82%
M with two or more of the same vowel Manganese | Meitnerium | Mendelevium | Moscovium
79%
K that is odorless Krypton
77%
V rarely found in nature Vanadium
76%
Y named after a town in Sweden Ytterbium | Yttrium
76%
N named after a mythological figure* Niobium | Neptunium
69%
P with 10 or more letters Phosphorus | Praseodymium | Promethium | Protactinium
67%
E named for a place Erbium | Europium
63%
R discovered in the last 100 years Rhenium | Rutherfordium | Roentgenium
62%
O with a known density of 20 g/cm^3 or higher Osmium
53%
D with two consonants in its chemical symbol Dubnium | Darmstadtium
49%
No matching quizzes found
Score Distribution
Percent of People with Each Score
Percentile by Number Answered
Your Score History
You have not taken this quiz since the last reset